| 000 | 00455nam a2200169Ia 4500 | ||
|---|---|---|---|
| 003 | 3228 | ||
| 005 | 20240723110253.0 | ||
| 008 | 210817s9999 xx ed 000 1 AFR d | ||
| 020 |
_a0799319082 _qPaperback (pbk) |
||
| 040 |
_aRDA _c3228 |
||
| 082 | _aLP AF LING | ||
| 100 |
_aLingua, Susanna M _913906 |
||
| 245 | 0 |
_añ Duisend sterre _cSusanna M Lingua |
|
| 260 |
_aPretoria _bJ.P van der Walt _c1993 |
||
| 300 |
_a319 Pages; _c21 cm. |
||
| 942 |
_cBK _2ddc _y245 _zIzakina Blanche |
||
| 999 |
_c196483 _d196483 |
||